| 000 | 00717cam a22002533a 4500 | ||
|---|---|---|---|
| 001 | 22432 | ||
| 003 | PGUSA | ||
| 005 | 20140828083457.0 | ||
| 008 | 070829s2007||||xxu|||||s|||||000 | eng d | ||
| 040 |
_aPGUSA _beng |
||
| 042 | _adc | ||
| 050 | 4 | _aBV | |
| 100 | 1 |
_aTrotter, I. Lilias _q(Isabella Lilias), _d1853-1928 |
|
| 245 | 1 | 0 |
_aParables of the Christ-life _h[electronic resource] / _cI. Lilias Trotter |
| 260 |
_bProject Gutenberg, _c2007 |
||
| 506 | _aPublic domain in the USA. | ||
| 516 | _aElectronic text | ||
| 653 | _aChristian life | ||
| 653 | _aDevotional literature | ||
| 653 | _aParables | ||
| 830 | 0 |
_aProject Gutenberg _v22432 |
|
| 856 | 4 | 0 | _uhttp://www.gutenberg.org/ebooks/22432 |
| 942 | _cEB | ||
| 999 |
_c251687 _d251687 |
||